Missing Word: 1920s on Film (A-Z) Quiz Stats

Quiz Updated May 16, 2015

Challenge
Share
Tweet
Embed
Score 0/26 Timer 04:00
0 Plays Today
Hint Missing Word % Correct
Lawrence of _____Arabia
98.9%
Singin' in the _____Rain
98.7%
Some Like it _____Hot
98.7%
Citizen _____Kane
98.4%
Once _____ a Time in AmericaUpon
97.9%
______ ZhivagoDoctor
97%
Malcolm _____X
96.9%
_____ Green TomatoesFried
96.3%
_____ of AfricaOut
94.4%
Memoirs of a _____Geisha
93.3%
A Passage to _____India
92.7%
The Pride of the _____Yankees
74.5%
Inherit the _____Wind
72.7%
Hint Missing Word % Correct
The _____ ManQuiet
72.1%
Bullets Over _____Broadway
70.1%
The _____ of the Sierra MadreTreasure
69.7%
La _____ en roseVie
68.8%
Women in _____Love
67.1%
_____ CollinsMichael
59.2%
Miller's _____Crossing
57.2%
_____ in the GrassSplendor
53.9%
The _____ VeilPainted
29.2%
The Great _____Ziegfeld
27%
Jules and _____Jim
21.7%
_____ AprilEnchanted
18.6%
The _____ BoysNewton
10.3%

Today's Daily Dose

Word Ladder
Summertime

On This Day
June 23rd II

You're not logged in!

Compare scores with friends on all Sporcle quizzes.
Join for Free
OR
Log In

You Might Also Like...

Show Comments

Extras

Top Quizzes Today


Score Distribution

Your Account Isn't Verified!

In order to create a playlist on Sporcle, you need to verify the email address you used during registration. Go to your Sporcle Settings to finish the process.

Report this User

Report this user for behavior that violates our Community Guidelines.

Details: